Journal of educational administration (Record no. 811)

000 -LEADER
fixed length control field 00921nam a22001817a 4500
003 - CONTROL NUMBER IDENTIFIER
control field OSt
005 - DATE AND TIME OF LATEST TRANSACTION
control field 20140116120838.0
008 - FIXED-LENGTH DATA ELEMENTS--GENERAL INFORMATION
fixed length control field 111112t xxu||||| |||| 00| 0 eng d
022 ## - INTERNATIONAL STANDARD SERIAL NUMBER
International Standard Serial Number 0957-8234
245 ## - TITLE STATEMENT
Title Journal of educational administration
Medium [Electronic resource].
260 ## - PUBLICATION, DISTRIBUTION, ETC. (IMPRINT)
Place of publication, distribution, etc Bingley, UK :
Name of publisher, distributor, etc Emerald ,
Date of publication, distribution, etc 1963-
300 ## - PHYSICAL DESCRIPTION
Extent e-resource - no physical copies
501 ## - WITH NOTE
With note The Journal of Educational Administration seeks to meet the needs of principals, superintendents and directors of education interested in the practice and theory of educational administration. To ensure academic integrity, each paper submitted is subject to a triple-blind review process
533 ## - REPRODUCTION NOTE
Type of reproduction Electronic reproduction
Agency responsible for reproduction Emerald Publising group
Note about reproduction Available via World Wide Web
650 ## - SUBJECT ADDED ENTRY--TOPICAL TERM
Topical term or geographic name as entry element educational administration
856 ## - ELECTRONIC LOCATION AND ACCESS
Materials specified Click here for full text
Uniform Resource Identifier <a href="http://www.emeraldinsight.com/journals.htm?issn=0957-8234">http://www.emeraldinsight.com/journals.htm?issn=0957-8234</a>
942 ## - ADDED ENTRY ELEMENTS (KOHA)
Source of classification or shelving scheme
Koha item type Electronic Journal
Holdings
Withdrawn status Lost status Source of classification or shelving scheme Damaged status Not for loan Home library Current library Date acquired Total Checkouts Full call number Barcode Date last seen Price effective from Koha item type
          Riara University Library Riara University Library 12/11/2011   Electonic journal EA 12/11/2011 12/11/2011 Electronic Journal

Riara University Library,
P.O. Box 49940-00100,
Nairobi, Kenya.